| 000 | 00397nam a2200121Ia 4500 | ||
|---|---|---|---|
| 008 | 220620s9999||||xx |||||||||||||| ||und|| | ||
| 245 | 0 | _aDesign and Manufacturing | |
| 546 | _aEnglish[eng] | ||
| 650 | _aManufacturing industries | ||
| 700 | _aYasa, Evren||Mhadhbi, Mohsen||Santecchia, Eleonora | ||
| 856 | _uhttps://mts.intechopen.com/storage/books/9288/authors_book/authors_book.pdf | ||
| 942 | _cEB | ||
| 999 |
_c30660 _d30660 |
||